000 00617nam a2200181Ia 4500
008 090123s9999 xx 000 0 und d
082 _b12059
100 _aकुलकर्णी आशा
245 _aआमची आई खरी ग्रेट आहे
250 _a1
260 _bमेहता प्रकाशन
_c1980
300 _a62
600 _aकुलकर्णी आशा
630 _aआमची आई खरी ग्रेट आहे
700 _aकुलकर्णी आशा
730 _aआमची आई खरी ग्रेट आहे
942 _cBOOK
999 _c50123
_d50123